01384cam a2200349 i 450000100090000000300040000900500170001300800410003001000170007102000180008802500260010603700530013204000280018504200150021304300120022805000270024008200200026710000340028724500500032124600880037126400930045930001050055233700280065733800270068550400570071253000330076960000260080261000680082865000460089665000400094265000520098223582283OSt20250611111507.0240228s2023 ii a 000 0aeng  a 2024305537 a9780670098651 aI-E-2024305537; 80-90 bLibrary of Congress -- New Delhi Overseas Office aDLCbengerdacDLCdDLC alcodeapcc aa-ii---00aLA2383.I62bC4463 2023 a658.4092bCHA/L1 aChatterjee, Debashiseauthor.10aLeadership chronicles /cDebashis Chatterjee.1 iOther title information from cover:aMy experiments with globalizing Indian thought 1aGurugram, Haryana, India :bPenguin Business, an imprint of Penguin Random House,c2023. axvii, 173 pages, 8 unnumbered pages of plates :billustrations (black and white, and color) ;c23 cm aunmediatedbn2rdamedia avolumebnc2rdacarrier aIncludes bibliographical references (pages 169-170). aAlso available as an e-book.10aChatterjee, Debashis.20aIndian Institute of Management KozhikodexEmployeesvBiography. 0aCollege administratorszIndiavBiography. 0aCollege teacherszIndiavBiography. 0aLeadershipxStudy and teaching (Higher)zIndia.